Logo BPK

Biblioteka

Politechniki Koszalińskiej

Efekty kształcenia na kierunku wychowanie fizyczne Politechniki Opolskiej w samoocenie studentów / (Rekord nr 55343)

Szczegóły MARC
000 -ETYKIETA REKORDU
podpole kontrolne o stałej długości 01259nam a2200289 i 4500
001 - NUMER KONTROLNY REKORDU
pole kontrolne bg
015 ## - NUMER BIBLIOGRAFII NARODOWEJ
Numer bibliografii narodowej PB 21428/2008
040 ## - ŹRÓDŁO KATALOGOWANIA
Instytucja, która utworzyła rekord BPK
041 0# - KOD JĘZYKA
Kod języka tekstu pol
Kod języka streszczenia lub abstraktu eng
044 ## - KOD KRAJU WYDAWCY/PRODUCENTA
Kod kraju wydawcy/producenta POL
080 ## - UNIWERSALNA KLASYFIKACJA DZIESIĘTNA - UKD
UKD 378.6.096:62:796:378.091.3::005.336.1:316.344-057.875](438)"2001/..."
008 - POLE O STAŁEJ DŁUGOŚCI - DANE KONTROLNE
podpole kontrolne o stałej długości 080508s2007 pl a |000 0 pol
100 1# - NAZWA OSOBOWA
Nazwa osobowa Szczepański, Stanisław
Daty związane z nazwą (1941- ).
245 10 - TYTUŁ/ODPOWIEDZIALNOŚĆ
Tytuł Efekty kształcenia na kierunku wychowanie fizyczne Politechniki Opolskiej w samoocenie studentów /
Pozostałe elementy strefy tytułu i oznaczenia odpowiedzialności Stanisław Szczepański.
260 ## - STREFA ADRESU WYDAWNICZEGO
Miejsce wydania Opole :
Nazwa wydawcy/dystrybutora Oficyna Wydawnicza Politechniki Opolskiej,
Data publikacji, dystrybucji/powstania dokumentu 2007.
300 ## - STREFA OPISU FIZYCZNEGO
Objętość 152 s. :
Inne cechy fizyczne il. ;
Rozmiary 24 cm.
490 1# - STREFA SERII I DOKUMENTU WIELOCZĘŚCIOWEGO - FORMA NIE DO WYSZUKIWANIA
Tytuł i oznaczenie odpowiedzialności serii Studia i Monografie / Politechnika Opolska,
ISSN 1429-6063 ;
Numeracja w obrębie serii z. 216
504 ## - UWAGA DOTYCZĄCA BIBLIOGRAFII
Informacje o bibliografii Bibliogr. 104-107.
546 ## - UWAGA O JĘZYKU
Uwaga o języku Streszcz. ang.
610 29 - HASŁO PRZEDMIOTOWE W FORMIE NAZWY CIAŁA ZBIOROWEGO
Nazwa ciała zbiorowego lub nazwa geograficzna Politechnika Opolska.
Nazwa jednostki podrzędnej Wydział Wychowania Fizycznego i Fizjoterapii
Określnik ogólny socjologia
650 #9 - HASŁO PRZEDMIOTOWE W FORMIE NAZWY OGÓLNEJ LUB JEDNOSTKOWEJ
Nazwa ogólna lub geograficzna Nauczanie
Określnik ogólny efektywność
-- socjologia
-- szkoły wyższe
Określnik geograficzny Polska
Określnik chronologiczny od 2001 r.
650 #9 - HASŁO PRZEDMIOTOWE W FORMIE NAZWY OGÓLNEJ LUB JEDNOSTKOWEJ
Nazwa ogólna lub geograficzna Studenci
Określnik ogólny socjologia
Określnik geograficzny Polska
Określnik chronologiczny od 2001 r.
650 #9 - HASŁO PRZEDMIOTOWE W FORMIE NAZWY OGÓLNEJ LUB JEDNOSTKOWEJ
Nazwa ogólna lub geograficzna Wychowanie fizyczne
Określnik ogólny szkoły wyższe
-- socjologia
Określnik geograficzny Polska
Określnik chronologiczny od 2001 r.
651 #9 - HASŁO PRZEDMIOTOWE W FORMIE NAZWY GEOGRAFICZNEJ
Nazwa geograficzna Opole (woj. opolskie)
Określnik ogólny szkolnictwo wyższe
-- socjologia
Określnik chronologiczny od 2001 r.
830 #0 - HASŁO DODATKOWE SERII LUB DOKUMENTU WIELOCZĘŚCIOWEGO - TYTUŁ UJEDNOLICONY
Tytuł ujednolicony Studia i Monografie - Politechnika Opolska
Oznaczenie tomu z. 216
856 ## - LOKALIZACJA I DOSTĘP DO ELEKTRONICZNYCH DOKUMENTÓW ZDALNYCH
Link (URL) http://koha.tu.koszalin.pl/cgi-bin/koha/opac-detail.pl?biblionumber=55343
Tekst linku Katalog online BPK
942 ## - DODATKOWE ELEMENTY (KOHA)
Typ dokumentu Książka
Egzemplarze
Wycofany Status egzemplarza Uszkodzony Dostępność Lokalizacja stała Lokalizacja bieżąca Miejsce przechowywania Sygnatura Kod kreskowy Typ dokumentu
      Dostępny Biblioteka Politechniki Koszalińskiej Biblioteka Politechniki Koszalińskiej Wypożyczalnia BG 88380 02420011 Książka
© 2023 Biblioteka Politechniki Koszalińskiej :: KOHA